BIBLIOTHÈQUE DE LA MAISON DU MEXIQUE

Logo 1 Logo 2

L'Espagne éclairée de la seconde moitié du XVIIIe siècle (notice nᵒ 3915)

détails MARC
000 -Sello discográfico
campo de control de longitud fija 00658nam a2200241 4500
005 - Identificación de versión
campo de control 20251121133102.0
035 ## - Otros números de control del sistema
Número de control del sistema 25705
099 ## - fechas locales
Tipo de ítem Koha LIBRO
100 ## - Datos de procesamiento general
Datos de procesamiento general 19990126d1954 m y1spay5003 ba
101 ## - Idioma del recurso
Idioma del texto, banda sonora, etc. Francés
105 ## - Campo de datos codificados: Material textual, monográfico
Datos codificados de monografía y 001zy
200 1# - Título y mención de responsabilidad
Título propio L'Espagne éclairée de la seconde moitié du XVIIIe siècle
Designación general del material texto impreso
Primer mención de responsabilidad Jean Sarrailh
210 ## - Publicación, distribución, etc.
Lugar de publicación, distribución, etc. Paris
Nombre del editor, distribuidor, etc. Imprimerie Nationale
Fecha de publicación, distribución, etc. 1954
215 ## - Descripción física
Designación de material específico y extensión del ítem 779 p
Dimensiones 28 cm
300 ## - Notas generales
Texto de la nota Incluye índice alfabético
345 ## - Nota de información de adquisición
Fuente de adquisición/dirección de la suscripción [OBSOLETO] Donación
607 ## - Nombre geográfico utilizado como tema
Elemento de entrada España
Subdivisión temática Civilización
Número Koha 174
700 ## - Nombre personal - Responsabilidad primaria
Elemento de entrada Sarrailh
Parte del nombre distinta del elemento de entrada Jean
Número Koha 7739
801 #0 - Fuente de origen
País FR
Agencia cm
Reglas de catalogación (convenciones descriptivas) AFNOR
942 ## - ELEMENTOS DE ENTRADA SECUNDARIOS (KOHA)
Tipo de ítem Koha Livre
Exemplaires
Estatus retirado Estado de daño Estado de pérdida Fuente de la clasificación o esquema de estantería Fecha de adquisición Biblioteca de origen Biblioteca actual Código de barras Precio de reemplazo Signatura topográfica completa No para préstamo Tipo de ítem Koha Nota no pública
      Clasificación Decimal Dewey 21/11/2025 Casa México Paris Casa México Paris 000360 21/11/2025 946.05 S247e   Livre 751145101